02074cam a22003975a 4500001001200000003000900012005001700021008004100038020001500079020001800094035002300112040005200135043001200187082002600199100002800225245012200253250004600375264007000421300005700491336002600548337002800574338002700602500024700629504005100876505033800927610004801265650003701313650003801350651001001388653002001398655002401418700003701442942001201479999001701491952016801508ocm84386468EG-ScBUE20220912104849.0070119q2006 ua a f b 001 0 eng d a977424933X a9789774249334 a(OCoLC)ocm84386468 aN15bengerdacN15dBAKERdYDXCPdMKNdEG-ScBUE af-ua---04a701.94820962bGAB2221 aGabra, Gawdat,eauthor.14aThe treasures of Coptic art :bin the Coptic Museum and churches of Old Cairo /cGawdat Gabra, Marianne Eaton-Krauss. aA supreme Council of antiquities edition. 1aCairo ;aNew York :bAmerican University in Cairo Press,c[2006?] axvi, 283 pages :bcolor illustrations, maps ;c34 cm 2rdacontentatextbtxt 2rdamediaaunmediatedbn 2rdacarrieravolumebnc a"This book appears in conjunction with the reopening of the renovated and reinstalled Coptic Museum by Hosni Mubarak, President of Egypt, on June 25, 2006, following a lengthy closure in the aftermath of the 1992 earthquake."--Preface, p. ix. aIncludes bibliographical references and index.0 aHistory of the Coptic Museum -- Pagan art and Coptic art -- Nilotica -- Pharaonic elements in Cptic art and architecture -- Egyptian monasticism -- Old Testament themes -- Glorification of the holy virgin -- Pilgrimage -- Writing -- The Nag Hammadi library -- Articles of daily life -- Burials -- The church -- Churches of Old Cairo.27aMatḥaf al-Qibṭī (Cairo, Egypt)2BUEsh 7aCoptic artzEgyptzCairo.2BUEsh 7aArt museumszEgyptzCairo.2BUEsh 2BUEsh bENGGENcMay2019 vReading book9342321 aEaton-Krauss, Marianne,eauthor. 2ddccBB c27490d27461 00102ddc40708BaccahaMAINbMAINc1STd2019-05-28ePurchaseg1490.00h32510l0o701.94820962 GABp000047874r2025-07-15 00:00:00v1863.00w2019-05-28yREFERENCE